Sinkholes / (Record no. 5341)

MARC details
000 -LEADER
fixed length control field 00750nam a22002537a 4500
001 - CONTROL NUMBER
control field 5341
003 - CONTROL NUMBER IDENTIFIER
control field FISKH
005 - DATE AND TIME OF LATEST TRANSACTION
control field 20241127111448.0
008 - FIXED-LENGTH DATA ELEMENTS--GENERAL INFORMATION
fixed length control field 241127b cb ||||| |||| 00| 0 eng d
020 ## - INTERNATIONAL STANDARD BOOK NUMBER
International Standard Book Number 9780531225127
040 ## - CATALOGING SOURCE
Original cataloging agency FISKH
Language of cataloging eng
Transcribing agency FISKH
Modifying agency FISKH
050 ## - LIBRARY OF CONGRESS CALL NUMBER
Classification number GB609.S68
082 ## - DEWEY DECIMAL CLASSIFICATION NUMBER
Classification number 551.44
100 ## - MAIN ENTRY--PERSONAL NAME
Personal name Squire, Ann
Dates associated with a name (1951-)
245 ## - TITLE STATEMENT
Title Sinkholes /
Statement of responsibility, etc. Ann O. Squire
250 ## - EDITION STATEMENT
Edition statement Published in 2016
260 ## - PUBLICATION, DISTRIBUTION, ETC.
Place of publication, distribution, etc. New York :
Name of publisher, distributor, etc. Scholastic,
Date of publication, distribution, etc. 2016.
300 ## - PHYSICAL DESCRIPTION
Extent 48 pages :
Other physical details Color illustrations ;
Dimensions 22 cm
520 ## - SUMMARY, ETC.
Summary, etc. "Learn all about sinkholes, from how they are formed to how they can affect people around the world"--
650 ## - SUBJECT ADDED ENTRY--TOPICAL TERM
Source of heading or term Earth science
Topical term or geographic name entry element Forces
650 ## - SUBJECT ADDED ENTRY--TOPICAL TERM
Source of heading or term Loss of a loved one
942 ## - ADDED ENTRY ELEMENTS (KOHA)
Source of classification or shelving scheme Dewey Decimal Classification
Koha item type Books
Suppress in OPAC No
Holdings
Withdrawn status Lost status Source of classification or shelving scheme Damaged status Not for loan Collection Home library Current library Shelving location Date acquired Total Checkouts Full call number Barcode Date last seen Copy number Price effective from Koha item type
    Dewey Decimal Classification     Non-Fiction Footprints International School Library Network Toul Kork Campus Footprints International School Library Network Toul Kork Campus A TK Campus, 4th Floor, Room B401, Non-Fiction Bookcases(7-8) 11/27/2024   SQU 551.44 GB609.S68 FISTK05509 11/27/2024 1 11/27/2024 Books